Very long baseline interferometry (Record no. 9747)

MARC details
000 -LEADER
fixed length control field 01072nam a2200229Ia 4500
003 - CONTROL NUMBER IDENTIFIER
control field IN-BaIIA
008 - FIXED-LENGTH DATA ELEMENTS--GENERAL INFORMATION
fixed length control field 211028s9999 xx 000 0 eng d
020 ## - INTERNATIONAL STANDARD BOOK NUMBER
International Standard Book Number 0-7923-0376-8
040 ## - CATALOGING SOURCE
Transcribing agency IIA Library
080 ## - UNIVERSAL DECIMAL CLASSIFICATION NUMBER
Universal Decimal Classification number 520.872(082.1)
Item number VER
111 ## - MAIN ENTRY--MEETING NAME
Meeting name or jurisdiction name as entry element NATO Advanced Study Institute on Very Long Baseline Interferometry, Techniques and Applications
Location of meeting Bologna, Italy
Date of meeting or treaty signing 1988 Sep. 12-23
9 (RLIN) 16497
245 #0 - TITLE STATEMENT
Title Very long baseline interferometry
Remainder of title proceedings of the NATO advanced study institute on very long baseline interferometry, techniques and applications, held in Bologna, Italy, 12-23 Sept 1988
Statement of responsibility, etc. edited by M. Felli and R. E. Spencer
260 ## - PUBLICATION, DISTRIBUTION, ETC.
Place of publication, distribution, etc. Dordrecht
Name of publisher, distributor, etc. Kluwer Academic
Date of publication, distribution, etc. 1989
300 ## - PHYSICAL DESCRIPTION
Extent xvii, 437p.
490 ## - SERIES STATEMENT
Series statement NATO ASI series. series C : mathematical & physical sciences
650 ## - SUBJECT ADDED ENTRY--TOPICAL TERM
Topical term or geographic name entry element Astronomy and astrophysics thesaurus
650 ## - SUBJECT ADDED ENTRY--TOPICAL TERM
Topical term or geographic name entry element Interferometry
9 (RLIN) 3249
650 ## - SUBJECT ADDED ENTRY--TOPICAL TERM
Topical term or geographic name entry element Very long baseline interferometry
9 (RLIN) 13288
700 ## - ADDED ENTRY--PERSONAL NAME
Personal name Felli, M., ed.
9 (RLIN) 16498
700 ## - ADDED ENTRY--PERSONAL NAME
Personal name Spencer, R. E ., ed.
9 (RLIN) 16499
942 ## - ADDED ENTRY ELEMENTS (KOHA)
Koha item type Books
Holdings
Withdrawn status Lost status Damaged status Not for loan Home library Current library Shelving location Date acquired Cost, normal purchase price Total Checkouts Full call number Barcode Date last seen Cost, replacement price Price effective from Koha item type Purchase Price
        IIA Library-Bangalore IIA Library-Bangalore General Stacks   1995.00   520.872(082.1)/ VER 10657 05/11/2021 1995.00   Books Rs. 1995

Powered by Koha